[Event "East Lansing (MOR/6/3)"]
[Site "?"]
[Date "1995.??.??"]
[Round "?"]
[White "Wright, Walter"]
[Black "al-Shareef, Robert"]
[Result "1-0"]
[WhiteElo "1605"]
[BlackElo "1710"]
[PlyCount "113"]
[EventDate "1995.??.??"]

{6/(3)} 1. d4 d5 2. Nf3 Nf6 3. e3 Bf5 4. Nbd2 e6 5. Be2 Bd6 6. c4 c6 7. c5 Bc7
8. Nh4 Be4 9. Nhf3 Bg6 10. h3 Nbd7 11. O-O e5 12. dxe5 Nxe5 13. Nxe5 Bxe5 14.
f4 Bb8 15. f5 Qc7 16. Rf4 d4 17. fxg6 dxe3 18. gxf7+ Kf8 19. g3 exd2 20. Bxd2
Qxf7 21. Bc4 Qe7 22. Rxf6+ Qxf6 23. Bc3 Be5 24. Qh5 Bd4+ 25. Kh1 Bxc3 26. bxc3
g6 27. Qh6+ Ke7 28. Re1+ Kd7 29. Qd2+ Kc7 30. Re6 Rad8 31. Qd6+ Rxd6 32. cxd6+
Kd7 33. Rxf6 b5 34. Bb3 Re8 35. c4 bxc4 36. Bxc4 a5 37. Kg2 Re4 38. Bg8 Ra4 39.
Be6+ Kxd6 40. Bb3+ Ke7 41. Bxa4 Kxf6 42. Bxc6 h6 43. Kf3 h5 44. h4 g5 45. hxg5+
Kxg5 46. Be8 h4 47. gxh4+ Kxh4 48. Ke4 Kg5 49. Kd4 Kf6 50. Kc5 Ke7 51. Ba4 Ke6
52. Kb5 Kd5 53. Kxa5 Kc4 54. Bb3+ Kc5 55. a4 Kc6 56. Bd1 Kc5 57. Bf3 1-0

[Event "Eastpointe (MCO/4/32)"]
[Site "?"]
[Date "1995.??.??"]
[Round "?"]
[White "Wright, Walter"]
[Black "Sturgis, Derreck"]
[Result "1-0"]
[WhiteElo "1605"]
[BlackElo "1605"]
[PlyCount "65"]
[EventDate "1995.??.??"]

{4/(32)} 1. d4 Nf6 2. c4 e6 3. a3 c6 4. Nc3 d5 5. c5 b6 6. b4 a5 7. Bg5 axb4 8.
axb4 Rxa1 9. Qxa1 Nbd7 10. Nf3 Be7 11. e3 O-O 12. Bd3 Qc7 13. O-O Re8 14. Bf4
Qb7 15. Qb1 Qa7 16. Ng5 g6 17. h4 Ba6 18. Qa2 b5 19. Ra1 Ra8 20. Nxb5 cxb5 21.
Bxb5 Nb8 22. Bxb8 Qxb8 23. Bc6 Bb7 24. Qxa8 Bxa8 25. Rxa8 Qxa8 26. Bxa8 Ne8 27.
b5 Nc7 28. Bc6 Bxg5 29. hxg5 Kf8 30. b6 Na6 31. Bb5 Nb8 32. c6 Ke7 33. c7 1-0

[Event "Eastpointe (MCO/6/27)"]
[Site "?"]
[Date "1995.??.??"]
[Round "?"]
[White "Wright, Walter"]
[Black "Haygood, Norman"]
[Result "1/2-1/2"]
[WhiteElo "1605"]
[BlackElo "1605"]
[PlyCount "163"]
[EventDate "1995.??.??"]

{6/(27)} 1. d4 c6 2. c4 d5 3. c5 Nf6 4. Nf3 Bf5 5. Nc3 h6 6. Bf4 e6 7. e3 Nbd7
8. b4 b5 9. Be2 Be7 10. O-O O-O 11. a4 a6 12. a5 Kh8 13. Ne5 Nxe5 14. Bxe5 Rg8
15. f3 Nd7 16. Bg3 Bh4 17. Bf2 Bxf2+ 18. Rxf2 g5 19. Bd3 Bxd3 20. Qxd3 f5 21.
g4 Qf6 22. Raf1 Qg6 23. h3 Nf6 24. Re1 Rae8 25. e4 f4 26. Qc2 Rg7 27. exd5 Qxc2
28. Rxc2 cxd5 29. Re5 Nd7 30. Re1 Nb8 31. Nd1 Nc6 32. Kf2 Nxb4 33. Rd2 Nc6 34.
Nb2 Ra7 35. Nd3 Nxa5 36. Rde2 Rae7 37. Ne5 Kg7 38. Ra2 Nb3 39. Nc6 Rc7 40. Rxa6
Kf7 41. Rd1 Rec8 42. Ne5+ Ke7 43. Ra3 Nxd4 44. Rxd4 Rxc5 45. Ra7+ Kd6 46. Nf7+
Kc6 47. Ra6+ Kd7 48. Ke2 Rc2+ 49. Rd2 R2c7 50. Rb6 Rc5 51. Ne5+ Ke7 52. Nd3 Rc3
53. Rxb5 Kf6 54. Rb6 R8c6 55. Rxc6 Rxc6 56. Rb2 Rc7 57. Kd2 Ra7 58. Nc5 Ra1 59.
Rb6 Ra2+ 60. Kd3 Ra3+ 61. Rb3 Rxb3+ 62. Nxb3 Ke5 63. Nc5 Kd6 64. Nb3 Ke5 65.
Nd2 Kd6 66. Kd4 e5+ 67. Kc3 Kc5 68. Nb3+ Kd6 69. Na5 Kc5 70. Nb7+ Kc6 71. Nd8+
Kd6 72. Nf7+ Ke6 73. Nxh6 e4 74. fxe4 dxe4 75. Nf5 Ke5 76. Kd2 f3 77. Ke3 Kd5
78. h4 gxh4 79. Nxh4 Ke5 80. g5 Ke6 81. Nxf3 exf3 82. Kxf3 1/2-1/2

[Event "Eastpointe (MCO/2/35)"]
[Site "?"]
[Date "1995.??.??"]
[Round "?"]
[White "Wright, Walter"]
[Black "Gilsinger, J."]
[Result "1-0"]
[WhiteElo "1605"]
[BlackElo "1605"]
[PlyCount "45"]
[EventDate "1995.??.??"]

{2/(35)} 1. d4 g6 2. e4 Bg7 3. Be2 d6 4. f4 c6 5. Nf3 Nd7 6. O-O Qc7 7. c3 e5
8. Nh4 Ngf6 9. Nd2 exf4 10. Bd3 b5 11. Ndf3 Bh6 12. Qc2 Ng4 13. Qb3 a6 14. h3
Ne3 15. Bxe3 fxe3 16. Nh2 f6 17. Qe6+ Kf8 18. Ng4 Bg7 19. Nxf6 Nxf6 20. Rxf6+
Bxf6 21. Qxf6+ Kg8 22. Rf1 Qg7 23. Qd8+ 1-0

[Event "East Lansing (MOR/4/18)"]
[Site "?"]
[Date "1995.??.??"]
[Round "?"]
[White "Wright, Walter"]
[Black "Brown, Ralph"]
[Result "1-0"]
[WhiteElo "1605"]
[BlackElo "1650"]
[PlyCount "67"]
[EventDate "1995.??.??"]

{4/(18)} 1. d4 f5 2. e3 Nf6 3. Bd3 g6 4. Nf3 Bg7 5. c3 b6 6. Nbd2 Bb7 7. O-O d5
8. Ne5 O-O 9. f4 c5 10. Ndf3 c4 11. Bc2 Ne4 12. Bxe4 fxe4 13. Ng5 Bc8 14. h4 h6
15. Nxg6 hxg5 16. Nxf8 Qe8 17. f5 Kxf8 18. hxg5 Nd7 19. b3 Qf7 20. Ba3 Ke8 21.
bxc4 Ba6 22. Rf2 Bxc4 23. Qg4 Kd8 24. Qf4 Kc8 25. Bxe7 Qxe7 26. f6 Bxf6 27.
gxf6 Qf8 28. a4 Kb7 29. f7 Rc8 30. a5 b5 31. a6+ Kb6 32. Qf5 Qe7 33. g3 Nf8 34.
Qxc8 1-0

[Event "East Lansing (MOR/2/7)"]
[Site "?"]
[Date "1995.??.??"]
[Round "?"]
[White "Wright, Walter"]
[Black "Brooks, Brion"]
[Result "0-1"]
[WhiteElo "1605"]
[BlackElo "1730"]
[PlyCount "69"]
[EventDate "1995.??.??"]

{2/(7)} 1. d4 Nf6 2. e3 e6 3. Bd3 b6 4. Nf3 Bb7 5. Nbd2 c5 6. c3 d5 7. O-O c4
8. Bc2 Bd6 9. Re1 Ne4 10. Ba4+ Nd7 11. Ne5 Bxe5 12. dxe5 Nxd2 13. Qxd2 O-O 14.
Bxd7 Qxd7 15. e4 Rad8 16. exd5 Bxd5 17. Qg5 Be4 18. Be3 Qb5 19. Re2 Rd5 20. Bd4
Bd3 21. a4 Qd7 22. Re3 f5 23. Rg3 f4 24. Rh3 Rxd4 25. cxd4 Qxd4 26. Ra2 Bf5 27.
Qh5 Bxh3 28. gxh3 f3 29. Ra1 Qxb2 30. Rf1 Qd2 31. Qg4 Qd5 32. Kh1 c3 33. Rg1
Qxe5 34. Rc1 Rf4 35. Qh4 0-1

[Event "East Lansing (Beg/1/2)"]
[Site "?"]
[Date "1995.??.??"]
[Round "?"]
[White "Wright, S."]
[Black "Hamade, Wael"]
[Result "0-1"]
[WhiteElo "1605"]
[BlackElo "1605"]
[PlyCount "80"]
[EventDate "1995.??.??"]

{1/(2)} 1. g3 d6 2. Bg2 e5 3. Nf3 e4 4. Nh4 g5 5. Nf3 exf3 6. Bxf3 Nf6 7. Nc3
g4 8. Bg2 Nc6 9. Na4 d5 10. b3 Ne4 11. Bb2 d4 12. Nc5 Nxc5 13. Ba3 b6 14. Bxc6+
Bd7 15. Bg2 Ne4 16. Bb2 Qf6 17. Bxe4 O-O-O 18. c4 Bc5 19. Rf1 Rde8 20. f3 gxf3
21. exf3 Bh3 22. Rf2 Qh6 23. Re2 Bd7 24. Bc1 f5 25. d3 fxe4 26. Bxh6 exf3 27.
Re4 Bb4+ 28. Kf1 Bh3+ 29. Kf2 Bg2 30. Qc1 Bc3 31. Qg5 Rxe4 32. Qh5 Bxa1 33. g4
Re2+ 34. Kg3 f2 35. Kxg2 f1=Q+ 36. Kg3 Re3+ 37. Kh4 Rg8 38. Bxe3 dxe3 39. Kg3
e2 40. Qd5 e1=Q# 0-1

[Event "East Lansing (Beg/3/13)"]
[Site "?"]
[Date "1995.??.??"]
[Round "?"]
[White "Wright, S."]
[Black "Clark, D."]
[Result "0-1"]
[WhiteElo "1605"]
[BlackElo "1605"]
[PlyCount "30"]
[EventDate "1995.??.??"]

{3/(13)} 1. g3 e5 2. Bg2 Nf6 3. b3 d5 4. Bb2 Nc6 5. d3 Be6 6. Bf3 Bd6 7. Nd2
O-O 8. Bc3 Bb4 9. Bb2 Bxd2+ 10. Qxd2 e4 11. dxe4 dxe4 12. Bg2 Qxd2+ 13. Kxd2
Rad8+ 14. Ke1 Rd5 15. Nh3 Rfd8 {[Here White castled illegally. 0-1, 42?]} 0-1

[Event "Troy (US Am N/6/26)"]
[Site "?"]
[Date "1995.??.??"]
[Round "?"]
[White "Wright, Ken"]
[Black "Vangilder, W."]
[Result "0-1"]
[WhiteElo "1605"]
[BlackElo "1605"]
[PlyCount "182"]
[EventDate "1995.??.??"]

{6/(26)} 1. b3 Nf6 2. Bb2 d5 3. e3 e6 4. h3 Bd7 5. Nf3 Be7 6. Nc3 Nc6 7. a3 O-O
8. d4 a6 9. Bd3 Re8 10. Qe2 Bd6 11. g4 e5 12. dxe5 Nxe5 13. O-O-O Nxd3+ 14.
Qxd3 Be6 15. Ne2 c5 16. Qc3 b5 17. g5 b4 18. axb4 cxb4 19. Qd4 Rc8 20. gxf6 Qc7
21. Rd2 a5 22. Rg1 Bf8 23. Ng5 Bf5 24. e4 Bc5 25. Qd3 Bg6 26. Qg3 Qxg3 27. Nxg3
dxe4 28. Re2 e3 29. f3 a4 30. bxa4 b3 31. f4 Bxc2 32. Be5 Ba3+ 33. Bb2 Bd3+ 34.
Kd1 Bc2+ 35. Rxc2 Red8+ 36. Ke2 Rxc2+ 37. Kf3 Rxb2 38. Re1 Bc5 39. Ne2 Ra2 40.
Ne4 Ba7 41. N4c3 Rad2 42. Rb1 b2 43. fxg7 Bd4 44. Ne4 Rc2 45. Nxd4 Rxd4 46.
Kxe3 Rxa4 47. Kd3 Rg2 48. Nd2 Rb4 49. Kc3 Rb8 50. Nc4 Kxg7 51. Kd4 Kf6 52. Ne5
Rb7 53. Ng4+ Kg7 54. Ne3 Rf2 55. f5 f6 56. Kd5 Kf7 57. Kd4 h5 58. Nc4 Rf4+ 59.
Kd3 Rxc4 60. Kxc4 Ke7 61. h4 Kd6 62. Rd1+ Kc6 63. Rb1 Kd6 64. Kd4 Rb4+ 65. Kc3
Kc5 66. Kd3 Kd5 67. Kc3 Rb5 68. Rd1+ Ke5 69. Rb1 Kxf5 70. Kc2 Ke4 71. Re1+ Kf3
72. Kb1 f5 73. Rg1 f4 74. Rg5 Rb8 75. Rxh5 Kg4 76. Rh7 Rb5 77. Rh8 Rh5 78. Rg8+
Kf3 79. Kxb2 Rxh4 80. Kc3 Ke2 81. Re8+ Kf2 82. Kd2 f3 83. Rg8 Rd4+ 84. Kc3 Rd7
85. Rg6 Kf1 86. Rf6 f2 87. Kc2 Rd5 88. Rh6 Kg2 89. Rg6+ Kf3 90. Rf6+ Kg3 91.
Rg6+ Kf4 0-1

[Event "Eastpointe (MCO/1/16)"]
[Site "?"]
[Date "1995.??.??"]
[Round "?"]
[White "Wright, Ken"]
[Black "Sobocinski, Mike"]
[Result "0-1"]
[WhiteElo "1605"]
[BlackElo "2005"]
[PlyCount "58"]
[EventDate "1995.??.??"]

{1/(16)} 1. Nf3 d5 2. c4 e6 3. g3 Nf6 4. Bg2 Be7 5. b3 c5 6. Bb2 Nc6 7. O-O d4
8. d3 O-O 9. Nbd2 e5 10. a3 a5 11. h3 Nh5 12. Nh2 f5 13. e3 dxe3 14. Bd5+ Kh8
15. fxe3 Nxg3 16. Rf3 f4 17. exf4 exf4 18. Ng4 Bxg4 19. hxg4 Bf6 20. Bxf6 Qxf6
21. Ne4 Qd4+ 22. Kg2 Ne5 23. Nxg3 fxg3 24. Kxg3 Nxf3 25. Bxf3 Rae8 26. Ra2 Re3
27. Rf2 Rxd3 28. Qc2 Qf4+ 29. Kg2 Rxf3 0-1

[Event "Eastpointe (EDO/4/15)"]
[Site "?"]
[Date "1995.??.??"]
[Round "?"]
[White "Wright, Ken"]
[Black "Richert, C."]
[Result "0-1"]
[WhiteElo "1605"]
[BlackElo "1605"]
[PlyCount "33"]
[EventDate "1995.??.??"]

{4/(15)} 1. e4 c5 2. d4 cxd4 3. Qxd4 Nc6 4. Qa4 e5 5. Nf3 d6 6. Bc4 Bd7 7. Qb3
Qe7 8. Ng5 Nh6 9. Qxb7 Rb8 10. Qa6 Nb4 11. Qxa7 Nxc2+ 12. Kf1 Rc8 13. Na3 Nxa1
14. b3 f6 15. Nf3 Be6 16. Ke2 Qxa7 17. Bxe6 0-1

[Event "East Lansing (Class C/1/11)"]
[Site "?"]
[Date "1995.??.??"]
[Round "?"]
[White "Wright, Ken"]
[Black "Mihelich, John"]
[Result "0-1"]
[WhiteElo "1605"]
[BlackElo "1605"]
[PlyCount "67"]
[EventDate "1995.??.??"]

{1/(11)} 1. e4 e5 2. d4 Nc6 3. d5 Nce7 4. Nf3 Ng6 5. Bc4 d6 6. Nc3 a6 7. Be3
Nf6 8. Bg5 Be7 9. a3 Bd7 10. h3 h6 11. Bxf6 Bxf6 12. g3 Be7 13. Qd3 Qc8 14. g4
Nf4 15. Qd2 Ng2+ 16. Kd1 Nf4 17. Ne2 Ng6 18. Ng3 c6 19. Nf5 Bxf5 20. gxf5 Nf4
21. h4 b5 22. Bb3 c5 23. c4 Rf8 24. Rg1 Nh5 25. Ke1 Qd8 26. Rg4 Bf6 27. Ba2 Nf4
28. a4 h5 29. Rg1 Bxh4 30. Rxg7 Bf6 31. Rg1 h4 32. Kd1 h3 33. Kc2 bxc4 34. Bxc4
{[Remainder illegible; 0-1, 60?]} 0-1

[Event "Eastpointe (MCO/5/16)"]
[Site "?"]
[Date "1995.??.??"]
[Round "?"]
[White "Wright, Ken"]
[Black "Mankiewicz, Ryan"]
[Result "0-1"]
[WhiteElo "1605"]
[BlackElo "1995"]
[PlyCount "68"]
[EventDate "1995.??.??"]

{5/(16)} 1. Nf3 d6 2. e4 Nf6 3. Nc3 g6 4. d4 Bg7 5. Bd3 O-O 6. h3 c6 7. Bg5
Nbd7 8. Qd2 Qc7 9. Bh6 Re8 10. Bxg7 Kxg7 11. O-O e5 12. d5 Nc5 13. dxc6 bxc6
14. Rfe1 Nh5 15. b4 Nxd3 16. cxd3 Qe7 17. a3 h6 18. Rac1 Qf6 19. Ne2 Bxh3 20.
Rxc6 Bd7 21. Rc7 Bg4 22. Qe3 Re6 23. Nh2 Bxe2 24. Qxe2 Nf4 25. Qf3 Qg5 26. Rd1
h5 27. Kf1 Rf6 28. Qg3 Qxg3 29. fxg3 Ne6+ 30. Ke2 Nxc7 31. Nf3 Nb5 32. Ra1 Rc8
33. Kd2 Nd4 34. Nxd4 exd4 0-1

[Event "Troy (US Am N/4/33)"]
[Site "?"]
[Date "1995.??.??"]
[Round "?"]
[White "Wright, Ken"]
[Black "Harris, Do"]
[Result "0-1"]
[WhiteElo "1605"]
[BlackElo "1605"]
[PlyCount "126"]
[EventDate "1995.??.??"]

{4/(33)} 1. b3 e5 2. Bb2 Nc6 3. e3 d5 4. Bb5 Bd6 5. h3 Nge7 6. Nf3 O-O 7. Bxc6
Nxc6 8. d3 Qe7 9. a3 d4 10. Qd2 b6 11. e4 Na5 12. Qe2 c5 13. Nbd2 Nc6 14. g4
Be6 15. Nf1 a5 16. Ng3 a4 17. bxa4 Rxa4 18. Nf5 Qd7 19. Qd2 c4 20. dxc4 Rxc4
21. O-O Ne7 22. N3h4 Qc6 23. f3 Rxc2 24. Qg5 Nxf5 25. gxf5 f6 26. Qg4 Bf7 27.
Bc1 Qc3 28. Bh6 g5 29. Bxf8 h5 30. Qg3 Kxf8 31. Ng2 h4 32. Qe1 Bh5 33. Qd1 Bc5
34. Kh1 Qd2 35. Qxd2 Rxd2 36. Ne1 Re2 37. Nd3 Re3 38. Nxc5 bxc5 39. a4 Bxf3+
40. Rxf3 Rxf3 41. a5 Rxh3+ 42. Kg2 Rb3 43. a6 Rb8 44. a7 Ra8 45. Ra6 Kf7 46.
Ra5 c4 47. Kf3 c3 48. Ra2 c2 49. Rxc2 Rxa7 50. Kg4 Ra3 51. Rc7+ Ke8 52. Rc2 Rc3
53. Ra2 Kd7 54. Ra7+ Rc7 55. Ra6 Rc6 56. Ra7+ Kd6 57. Ra8 Kc5 58. Ra5+ Kb4 59.
Ra1 Rd6 60. Rc1 d3 61. Kf3 d2 62. Rd1 Kc3 63. Ke2 Kc2 0-1

[Event "Eastpointe (EDO/1/2)"]
[Site "?"]
[Date "1995.??.??"]
[Round "?"]
[White "Wright, Ken"]
[Black "Gabbara, Faris"]
[Result "0-1"]
[WhiteElo "1605"]
[BlackElo "2200"]
[PlyCount "104"]
[EventDate "1995.??.??"]

{1/(2)} 1. e4 d6 2. d4 g6 3. Nf3 Bg7 4. Bc4 c6 5. Nc3 a5 6. Ng5 Nh6 7. a4 Na6
8. Be3 Nb4 9. h3 O-O 10. Qd2 d5 11. Bb3 f6 12. Nf3 Nf7 13. exd5 cxd5 14. Ne2 e6
15. c3 Nc6 16. O-O b6 17. Ng3 Ba6 18. Rfe1 Qd7 19. Rac1 Rac8 20. Bf4 Rfe8 21.
h4 b5 22. h5 g5 23. Nxg5 fxg5 24. Bxg5 Nxg5 25. Qxg5 Qe7 26. Qg4 Qf6 27. axb5
Bxb5 28. Bc2 Kh8 29. Re3 Bh6 30. Rf3 Qg7 31. Qxg7+ Kxg7 32. Re1 Bd2 33. Rd1
Nxd4 34. Rxd2 Nxf3+ 35. gxf3 Rf8 36. Bd1 a4 37. Kg2 Bc6 38. Re2 Kf6 39. Rd2 Rb8
40. Kf1 Rb6 41. Ne2 Rfb8 42. Nd4 Bd7 43. b4 axb3 44. Rb2 e5 45. Ne2 Bb5 46. Kg2
Bc4 47. Ng3 Ra8 48. Bxb3 Rxb3 49. Rc2 Raa3 50. Ne2 Bxe2 51. Rxe2 Rxc3 52. Rd2
d4 0-1

[Event "Eastpointe (MCO/3/21)"]
[Site "?"]
[Date "1995.??.??"]
[Round "?"]
[White "Wright, Ken"]
[Black "Ashton, Jeff"]
[Result "1/2-1/2"]
[WhiteElo "1605"]
[BlackElo "1805"]
[PlyCount "35"]
[EventDate "1995.??.??"]

{3/(21)} 1. Nf3 d5 2. d4 Nf6 3. Nc3 c5 4. dxc5 e6 5. Bg5 Bxc5 6. e3 Nc6 7. Bb5
O-O 8. O-O h6 9. Bh4 a6 10. Bxc6 bxc6 11. a3 Re8 12. Ne5 Bd6 13. Ng4 g5 14.
Nxh6+ Kg7 15. Bxg5 Rh8 16. Ng4 Nxg4 17. Bxd8 Bxh2+ 18. Kh1 1/2-1/2

[Event "East Lansing (Class C/4/3)"]
[Site "?"]
[Date "1995.??.??"]
[Round "?"]
[White "Wright, Ken"]
[Black "Ashton, Jeff"]
[Result "1/2-1/2"]
[WhiteElo "1605"]
[BlackElo "1605"]
[PlyCount "25"]
[EventDate "1995.??.??"]

{4/(3)} 1. e4 c5 2. d4 cxd4 3. Qxd4 Nc6 4. Qd1 g6 5. Nf3 Bg7 6. c3 Nf6 7. Bd3
O-O 8. Bg5 Qb6 9. Qc1 d6 10. h3 Be6 11. Na3 Rfc8 {[Remainder illegible; 1/2-1/
2, 52?]} 12. Nc4 Bxc4 13. Bxc4 1/2-1/2

[Event "Grand Rapids (MI Am/4/13)"]
[Site "?"]
[Date "1995.??.??"]
[Round "?"]
[White "Wright, Eric"]
[Black "Roberts, Kenneth"]
[Result "0-1"]
[WhiteElo "1605"]
[BlackElo "1810"]
[PlyCount "78"]
[EventDate "1995.??.??"]

{4/(13)} 1. Nf3 Nf6 2. g3 d5 3. Bg2 g6 4. O-O Bg7 5. d3 O-O 6. Nbd2 Re8 7. e4
e5 8. Re1 c6 9. h4 Bg4 10. Nf1 Qd7 11. N1h2 Bh3 12. exd5 Nxd5 13. Ng5 Bxg2 14.
Kxg2 Na6 15. c4 Ndb4 16. Re2 c5 17. a3 Nc6 18. Ne4 Rad8 19. Bg5 Ne7 20. Nf6+
Bxf6 21. Bxf6 Qc6+ 22. Kg1 Qxf6 23. Ng4 Qd6 24. Rxe5 Nf5 25. Rd5 Qe6 26. Qf3
Rxd5 27. Qxd5 h5 28. Qxe6 Rxe6 29. Nh2 Nb8 30. Kf1 Nd4 31. b4 b6 32. b5 Nd7 33.
Re1 Rxe1+ 34. Kxe1 Ne5 35. Kd2 Nef3+ 36. Nxf3 Nxf3+ 37. Ke3 Nd4 38. Ke4 Kf8 39.
Ke5 Ke7 0-1

[Event "Grand Rapids (MI Am/5/26)"]
[Site "?"]
[Date "1995.??.??"]
[Round "?"]
[White "Wright, Eric"]
[Black "Jewett, Brandon"]
[Result "1-0"]
[WhiteElo "1605"]
[BlackElo "1605"]
[PlyCount "131"]
[EventDate "1995.??.??"]

{5/(26)} 1. Nf3 d5 2. g3 e6 3. Bg2 Bd6 4. O-O Nf6 5. d3 h6 6. Nbd2 O-O 7. Re1
Nc6 8. e4 dxe4 9. dxe4 Bc5 10. c3 Ng4 11. Re2 Bxf2+ 12. Rxf2 Nxf2 13. Kxf2 e5
14. Qe2 Bg4 15. Nc4 Bxf3 16. Bxf3 Qf6 17. Be3 g5 18. Kg2 b6 19. Bg4 Rad8 20.
Bf5 Ne7 21. Rf1 Qc6 22. Nxe5 Qe8 23. Qh5 Nxf5 24. Rxf5 f6 25. Qxh6 Qe7 26. Qg6+
Qg7 27. Qxg7+ Kxg7 28. Nc6 Rde8 29. Kf3 g4+ 30. Kf4 Re6 31. Nb4 Rfe8 32. e5
fxe5+ 33. Ke4 Rf6 34. Rxf6 Kxf6 35. Nd5+ Kg6 36. Nxc7 Rf8 37. Kd3 Rf1 38. Ke2
Rh1 39. Bd2 Rxh2+ 40. Kd1 Rg2 41. Be1 Rxb2 42. a3 Ra2 43. Nb5 a6 44. Nd6 Rxa3
45. Nc4 Ra1+ 46. Kd2 Kf5 47. Nxb6 Ke4 48. Ke2 Ra2+ 49. Bd2 a5 50. c4 a4 51. Nd5
Rc2 52. Nc3+ Kf5 53. c5 a3 54. c6 a2 55. c7 a1=Q 56. c8=Q+ Kg6 57. Qxg4+ Kf6
58. Nd5+ Kf7 59. Qf5+ Kg7 60. Qf6+ Kh7 61. Qf7+ Kh8 62. Qf8+ Kh7 63. Qf5+ Kg7
64. Qxc2 Qa6+ 65. Qd3 e4 66. Qxa6 1-0

[Event "Grand Rapids (MI Am/2/15)"]
[Site "?"]
[Date "1995.??.??"]
[Round "?"]
[White "Wright, Eric"]
[Black "Emke, Robert"]
[Result "0-1"]
[WhiteElo "1605"]
[BlackElo "1810"]
[PlyCount "60"]
[EventDate "1995.??.??"]

{2/(15)} 1. Nf3 d5 2. g3 Nf6 3. Bg2 c5 4. O-O Nc6 5. d3 e5 6. Bg5 h6 7. Bxf6
Qxf6 8. e4 d4 9. Nbd2 Bg4 10. Re1 Bd6 11. h4 O-O 12. Nf1 Bxf3 13. Bxf3 Nb4 14.
Nd2 b5 15. a3 Nc6 16. a4 a6 17. c3 Rac8 18. Bg4 Rcd8 19. Nb1 c4 20. Be2 Bc5 21.
Rf1 dxc3 22. Nxc3 cxd3 23. Nd5 Rxd5 24. exd5 dxe2 25. Qxe2 Nd4 26. Qd1 Qd6 27.
axb5 Qxd5 28. b4 Nf3+ 29. Kg2 Ne1+ 30. Kg1 Qg2# 0-1

[Event "Troy (TCC Beg/5/5)"]
[Site "?"]
[Date "1995.??.??"]
[Round "?"]
[White "Wright, A."]
[Black "Cowans, Winston"]
[Result "0-1"]
[WhiteElo "1605"]
[BlackElo "1605"]
[PlyCount "116"]
[EventDate "1995.??.??"]

{5/(5)} 1. d4 d5 2. Nc3 Bf5 3. e3 Nf6 4. Bd3 e6 5. Bxf5 exf5 6. Nf3 Bb4 7. Bd2
O-O 8. O-O Nbd7 9. a3 Bd6 10. Na4 c6 11. c4 dxc4 12. Qc2 g6 13. Qxc4 Qc7 14. h3
b5 15. Qb3 bxa4 16. Qxa4 Nb6 17. Qb3 Ne4 18. Bc1 Rab8 19. Qd3 Rb7 20. Ra2 Rfb8
21. a4 Nd5 22. Nd2 Nb4 23. Qb3 Nxa2 24. Qxa2 Nxd2 25. Rd1 Bh2+ 26. Kh1 Ne4 27.
Rf1 Rb3 28. f3 Nf2+ 29. Rxf2 Qg3 30. Re2 Rd3 31. Bd2 Rbb3 32. a5 f4 33. Qb1
fxe3 34. Be1 Qf4 35. Rc2 e2 36. Rxe2 Re3 37. Bd2 Rbd3 38. Bxe3 Rxe3 39. Rxe3
Qxe3 40. Kxh2 Qxd4 41. Qa2 h5 42. Qb3 Qe5+ 43. g3 Qxa5 44. Qb8+ Kg7 45. b4 Qb6
46. Qe5+ Kh7 47. Qe1 a6 48. g4 hxg4 49. fxg4 c5 50. g5 cxb4 51. Qh4+ Kg8 52.
Qc4 a5 53. h4 Qd6+ 54. Kg2 Kf8 55. Qc8+ Ke7 56. Qb7+ Ke6 57. Kf3 Qd5+ 58. Qxd5+
Kxd5 0-1

[Event "Troy (TCC Beg/1/4)"]
[Site "?"]
[Date "1995.??.??"]
[Round "?"]
[White "Wright, A."]
[Black "Butler, G."]
[Result "1-0"]
[WhiteElo "1605"]
[BlackElo "1605"]
[PlyCount "31"]
[EventDate "1995.??.??"]

{1/(4)} 1. d4 d5 2. Nc3 Nf6 3. h3 Nc6 4. Nf3 Bf5 5. e3 e6 6. Bd3 Bxd3 7. Qxd3
Bb4 8. Bd2 O-O 9. h4 Qe7 10. h5 Rfe8 11. e4 Nxh5 12. Rxh5 Rad8 13. e5 g6 14.
Ng5 gxh5 15. Qxh7+ Kf8 16. Qh8# 1-0

[Event "Troy (TCC Beg/3/5)"]
[Site "?"]
[Date "1995.??.??"]
[Round "?"]
[White "Wright, A."]
[Black "Abdul-Mujeeb, N."]
[Result "0-1"]
[WhiteElo "1605"]
[BlackElo "1605"]
[PlyCount "110"]
[EventDate "1995.??.??"]

{3/(5)} 1. d4 e6 2. Nf3 d5 3. Nc3 Nf6 4. Bf4 a6 5. e3 c5 6. Ng5 h6 7. Nf3 Qa5
8. Bd3 c4 9. Be2 Ne4 10. O-O Nxc3 11. bxc3 Qxc3 12. Ne5 Nc6 13. Bh5 Nxe5 14.
Bxe5 Rh7 15. Qg4 g6 16. Bxg6 fxg6 17. Qxg6+ Rf7 18. Rab1 Qa5 19. Rxb7 Bxb7 20.
h4 Bc8 21. Bf4 Qd8 22. g3 Qf6 23. h5 Qxg6 24. hxg6 Rf6 25. Kg2 Rxg6 26. Be5 Bg7
27. Bc7 Ra7 28. Ba5 e5 29. c3 exd4 30. cxd4 Rb7 31. Bc3 Bf5 32. f3 Rb1 33. Rf2
Rc1 34. Bb2 Rc2 35. g4 Rxf2+ 36. Kxf2 Bd3 37. Kg3 Bf8 38. e4 dxe4 39. fxe4 Bxe4
40. Kf4 Bd3 41. d5 Bd6+ 42. Kf3 Bb4 43. a3 c3 44. Bc1 Ba5 45. Ke3 Bb5 46. Kf4
Bc7+ 47. Kf3 Rd6 48. Ke4 Bd7 49. g5 h5 50. Kd4 h4 51. Bf4 Kd8 52. Kxc3 Rxd5 53.
Be3 Bb5 54. g6 Rd3+ 55. Kc2 Rxe3 0-1

[Event "East Lansing (Class DE/3/1)"]
[Site "?"]
[Date "1995.??.??"]
[Round "?"]
[White "Worley, Ron"]
[Black "Smeckert, Dennis"]
[Result "0-1"]
[WhiteElo "1605"]
[BlackElo "1605"]
[PlyCount "72"]
[EventDate "1995.??.??"]

{3/(1)} 1. e4 e5 2. f4 exf4 3. Nf3 d5 4. e5 Be6 5. d4 Bb4+ 6. c3 Ba5 7. Bxf4
Bb6 8. Bd3 Nc6 9. O-O Nge7 10. Nbd2 Qd7 11. b4 Ng6 12. Be3 f5 13. exf6 gxf6 14.
a4 a6 15. b5 Na5 16. Nb3 Nc4 17. Bh6 axb5 18. axb5 Rxa1 19. Qxa1 Ke7 20. Nfd2
Rg8 21. Qe1 Nge5 22. Qe2 Bh3 23. Rf2 Bg4 24. Qe1 Kd8 25. Rxf6 Nxd3 26. Bg5 Kc8
27. Qh4 Bd1 28. Nxc4 dxc4 29. Nd2 Qg4 30. Nxc4 Qxh4 31. Nxb6+ cxb6 32. Bxh4 Rg7
33. Rxb6 Rc7 34. Rh6 Rxc3 35. Rxh7 Ba4 36. b6 Rc1+ 0-1

[Event "East Lansing (Class DE/5/9)"]
[Site "?"]
[Date "1995.??.??"]
[Round "?"]
[White "Worley, Ron"]
[Black "Simmons, P."]
[Result "1-0"]
[WhiteElo "1605"]
[BlackElo "1605"]
[PlyCount "73"]
[EventDate "1995.??.??"]

{5/(9)} 1. e4 d5 2. exd5 Nf6 3. c4 c6 4. dxc6 Nxc6 5. Nf3 Bg4 6. Be2 Qd7 7. b3
g6 8. Bb2 Bg7 9. d4 e6 10. Nc3 O-O 11. d5 exd5 12. Nxd5 Nxd5 13. Bxg7 Kxg7 14.
Qxd5 Rad8 15. Qxd7 Rxd7 16. O-O Re8 17. Rfe1 Rde7 18. Bf1 Bxf3 19. Rxe7 Rxe7
20. gxf3 Nd4 21. Bg2 Ne2+ 22. Kf1 Nf4 23. Rd1 Nxg2 24. Kxg2 b6 25. Kf1 a6 26.
Rd6 Re6 27. Rxe6 fxe6 28. b4 Kf6 29. Ke2 Ke5 30. Kd3 Kf4 31. Kd4 e5+ 32. Kd5 g5
33. c5 bxc5 34. bxc5 h5 35. c6 g4 36. fxg4 hxg4 37. c7 1-0

[Event "East Lansing (Class DE/1/2)"]
[Site "?"]
[Date "1995.??.??"]
[Round "?"]
[White "Worley, Ron"]
[Black "Andreas, L."]
[Result "1-0"]
[WhiteElo "1605"]
[BlackElo "1605"]
[PlyCount "43"]
[EventDate "1995.??.??"]

{1/(2)} 1. e4 c5 2. f4 e6 3. Nf3 Nc6 4. Nc3 g6 5. Bc4 Bg7 6. O-O Nge7 7. Qe1
O-O 8. d3 Re8 9. Qh4 h6 10. f5 exf5 11. Bxh6 Nd4 12. Ng5 Ne6 13. Bxe6 dxe6 14.
Bxg7 Kxg7 15. Qh7+ Kf6 16. Nxf7 Qd4+ 17. Kh1 e5 18. Nh6 Be6 19. Ng4+ Kg5 20.
Qh6+ Kxg4 21. h3+ Kg3 22. Rf3# 1-0

[Event "East Lansing (MOR/4/37)"]
[Site "?"]
[Date "1995.??.??"]
[Round "?"]
[White "Woods, O."]
[Black "Waters, R."]
[Result "1-0"]
[WhiteElo "1605"]
[BlackElo "1605"]
[PlyCount "79"]
[EventDate "1995.??.??"]

{4/(37)} 1. d4 Nf6 2. c4 g6 3. Nc3 Bg7 4. e4 d6 5. Be2 O-O 6. f4 e5 7. fxe5
dxe5 8. d5 Na6 9. Nf3 Nc5 10. Bd3 Nxd3+ 11. Qxd3 Re8 12. O-O a6 13. Qe2 Bg4 14.
Qf2 Qd6 15. Bg5 Qd7 16. Nxe5 Rxe5 17. Bxf6 Bxf6 18. Qxf6 Qe7 19. Qxe7 Rxe7 20.
Rf4 Bd7 21. Raf1 Rf8 22. Re1 Rfe8 23. Rf3 Bf5 24. Rfe3 Re5 25. Kf2 Bd7 26. h3
Kg7 27. a4 R8e7 28. b4 f6 29. g4 Re8 30. b5 axb5 31. axb5 Kf7 32. Na4 b6 33.
Kf3 Ra8 34. Nb2 Ra2 35. R1e2 f5 36. Nd3 fxe4+ 37. Rxe4 Rxe4 38. Rxe4 Ra3 39.
Re3 Rc3 40. Ne5+ 1-0